[Event "TUR-ch (Women)"]
[Site "Izmir"]
[Date "2023.10.22"]
[Round "9"]
[White "Karadas, Hena"]
[Black "Gedik, Eylul Ceren"]
[Result "1-0"]
[WhiteElo "1371"]
[BlackElo "1527"]
[PlyCount "65"]
[EventDate "2023.10.16"]
[EventType "tourn"]
[EventRounds "9"]
[EventCountry "TUR"]
[SourceTitle "Mega2024 Update 01"]
[Source "Chessbase"]
[SourceDate "2023.11.12"]
[SourceVersion "1"]
[SourceVersionDate "2023.11.12"]
[SourceQuality "1"]

1. d4 d5 2. e3 Nf6 3. Bd3 e6 4. f4 Bd6 5. Nf3 c5 6. c3 Nc6 7. 0-0 b6 8. Ne5 Bb7 9. Nd2 0-0 10. Qf3 Ne7 11. g4 Nd7 12. g5 cxd4 13. exd4 f5 14. gxf6 Rxf6 15. Qh5 Nf5 16. Ndf3 Qe7 17. Ng5 g6 18. Qe2 Bxe5 19. fxe5 Rff8 20. a4 h6 21. Nf3 Kh7 22. Qd2 Qg7 23. b3 Rf7 24. Ba3 Rc8 25. Kh1 Nf8 26. Rf2 Kh8 27. Rg1 Rfc7 28. Rfg2 Re8 29. Bxf5 exf5 30. Bxf8 Qxf8 31. Rxg6 Rc6 32. Rxc6 Bxc6 33. Rg6 1-0

[Event "TUR-ch (Women)"]
[Site "Izmir"]
[Date "2023.10.20"]
[Round "7"]
[White "Aydin, Aslinur Berrin"]
[Black "Gedik, Eylul Ceren"]
[Result "0-1"]
[WhiteElo "1058"]
[BlackElo "1527"]
[PlyCount "62"]
[EventDate "2023.10.16"]
[EventType "tourn"]
[EventRounds "9"]
[EventCountry "TUR"]
[SourceTitle "Mega2024 Update 01"]
[Source "Chessbase"]
[SourceDate "2023.11.12"]
[SourceVersion "1"]
[SourceVersionDate "2023.11.12"]
[SourceQuality "1"]

1. e4 c5 2. Nf3 Nc6 3. Bb5 g6 4. 0-0 Bg7 5. Nc3 Nd4 6. d3 Nxb5 7. Nxb5 a6 8. Na3 b5 9. c3 Bb7 10. Re1 Nf6 11. e5 Nd5 12. c4 Nc7 13. Be3 Bxf3 14. Qxf3 Bxe5 15. Bxc5 d6 16. d4 0-0 17. Bb6 Bf6 18. Qb7 Rb8 19. Qc6 Rc8 20. cxb5 Nxb5 21. Qb7 Rb8 22. Bxd8 Rxb7 23. Nxb5 Rxd8 24. Nc3 Bxd4 25. Nd5 e6 26. Nc3 Rxb2 27. Na4 Bxf2+ 28. Kf1 Bxe1 29. Nxb2 Bc3 30. Rb1 Rb8 31. Ke2 Rxb2+ 0-1

[Event "TUR-ch (Women)"]
[Site "Izmir"]
[Date "2023.10.19"]
[Round "5"]
[White "Engel, Ecrin Tuana"]
[Black "Gedik, Eylul Ceren"]
[Result "1-0"]
[WhiteElo "1348"]
[BlackElo "1527"]
[PlyCount "62"]
[EventDate "2023.10.16"]
[EventType "tourn"]
[EventRounds "9"]
[EventCountry "TUR"]
[SourceTitle "Mega2024 Update 01"]
[Source "Chessbase"]
[SourceDate "2023.11.12"]
[SourceVersion "1"]
[SourceVersionDate "2023.11.12"]
[SourceQuality "1"]

1. e4 c5 2. Nf3 Nc6 3. Bb5 g6 4. Bxc6 dxc6 5. d3 Bg7 6. 0-0 Nf6 7. h3 Nd7 8. Nc3 e5 9. Be3 Qe7 10. Qd2 Nf8 11. Bh6 f6 12. Bxg7 Qxg7 13. Nh2 Ne6 14. Ne2 g5 15. c3 Nf4 16. Rad1 Be6 17. b4 cxb4 18. cxb4 0-0-0 19. Qc2 Kb8 20. Rfe1 Rd6 21. Nf1 Rhd8 22. Nc1 Qd7 23. Re3 Rd4 24. Qb1 Bc4 25. Rf3 Qd6 26. Ng3 Bxd3 27. Nxd3 Qd7 28. Nf5 Rxd3 29. Rfxd3 Nxd3 30. Kf1 h5 31. g3 g4 1-0

[Event "TUR-ch (Women)"]
[Site "Izmir"]
[Date "2023.10.17"]
[Round "2"]
[White "Gedik, Eylul Ceren"]
[Black "Mustu, Hatice Asli"]
[Result "0-1"]
[WhiteElo "1527"]
[BlackElo "1899"]
[PlyCount "70"]
[EventDate "2023.10.16"]
[EventType "tourn"]
[EventRounds "9"]
[EventCountry "TUR"]
[SourceTitle "Mega2024 Update 01"]
[Source "Chessbase"]
[SourceDate "2023.11.12"]
[SourceVersion "1"]
[SourceVersionDate "2023.11.12"]
[SourceQuality "1"]

1. e4 c5 2. Nf3 Nc6 3. d4 cxd4 4. Nxd4 Nf6 5. Nc3 e5 6. Ndb5 d6 7. Nd5 Nxd5 8. exd5 Nb8 9. c4 Be7 10. Be2 0-0 11. 0-0 a6 12. Nc3 f5 13. f4 Bf6 14. Qc2 g6 15. Be3 Nd7 16. Rab1 Re8 17. Rfe1 exf4 18. Bxf4 Ne5 19. b4 Bd7 20. c5 dxc5 21. bxc5 Qa5 22. Rxb7 Qxc5+ 23. Kh1 Ng4 24. Bg3 Qxc3 25. Qxc3 Bxc3 26. Rc1 Bc8 27. Rc7 Ba5 28. R7c5 Bb6 29. Rc6 Be3 30. R1c2 f4 31. Be1 Bf5 32. Rb2 Rab8 33. Rxb8 Rxb8 34. Bxg4 Rb1 35. h3 Rxe1+ 0-1

[Event "TUR Cup"]
[Site "Denizli"]
[Date "2023.07.21"]
[Round "8"]
[White "Tastekin, Sevval Sena"]
[Black "Gedik, Eylul Ceren"]
[Result "0-1"]
[WhiteElo "1254"]
[BlackElo "1443"]
[PlyCount "88"]
[EventDate "2023.07.16"]
[EventType "team-tourn"]
[EventRounds "9"]
[EventCountry "TUR"]
[SourceTitle "CBM 215 Extra"]
[Source "ChessBase"]
[SourceDate "2023.09.30"]
[SourceVersion "1"]
[SourceVersionDate "2023.09.30"]
[SourceQuality "1"]

1. d4 e6 2. Nf3 Nf6 3. c4 d5 4. Nc3 c6 5. Bg5 Nbd7 6. e3 Qa5 7. cxd5 Nxd5 8. Qc2 Bb4 9. Rc1 Qxa2 10. Bd3 Bxc3+ 11. bxc3 Qxc2 12. Rxc2 h6 13. Bh4 b5 14. 0-0 a5 15. Ra1 0-0 16. Bg3 a4 17. Bd6 Rd8 18. e4 N5f6 19. c4 Ba6 20. e5 Ne8 21. Be7 Rdc8 22. cxb5 cxb5 23. Rb2 Rab8 24. Rab1 Rc3 25. Be2 Nc7 26. h3 Nb6 27. Bb4 Rc6 28. Bd3 Nbd5 29. Bc5 Nc3 30. Rc1 N7d5 31. Nd2 b4 32. Nc4 a3 33. Rd2 a2 34. Na5 Rxc5 35. dxc5 Bxd3 36. Ra1 b3 37. Rb2 Bc2 38. Nc6 Rc8 39. Nd4 Rxc5 40. Nxc2 Ne2+ 41. Kf1 bxc2 42. Kxe2 c1Q 43. Rxc1 Rxc1 44. Rxa2 Nc3+ 0-1

[Event "TUR Cup"]
[Site "Denizli"]
[Date "2023.07.17"]
[Round "3"]
[White "Gedik, Eylul Ceren"]
[Black "Ayaz, Melek"]
[Result "1-0"]
[WhiteElo "1443"]
[BlackElo "1293"]
[PlyCount "63"]
[EventDate "2023.07.16"]
[EventType "team-tourn"]
[EventRounds "9"]
[EventCountry "TUR"]
[SourceTitle "CBM 215 Extra"]
[Source "ChessBase"]
[SourceDate "2023.09.30"]
[SourceVersion "1"]
[SourceVersionDate "2023.09.30"]
[SourceQuality "1"]

1. e4 c5 2. Nf3 e6 3. d4 cxd4 4. Nxd4 Nc6 5. Nc3 a6 6. Be3 Bb4 7. Bd3 Nf6 8. 0-0 0-0 9. Nxc6 dxc6 10. f4 b5 11. e5 Nd5 12. Nxd5 cxd5 13. c3 Ba5 14. Qh5 h6 15. Rf3 Bb6 16. Re1 Bxe3+ 17. Rexe3 f5 18. Rg3 Rf7 19. Qxh6 Kf8 20. Rxg7 Qb6 21. Qh8+ Ke7 22. Kf2 Bb7 23. Qh4+ Kf8 24. Rxf7+ Kxf7 25. Qf6+ Ke8 26. Bxf5 d4 27. Rg3 d3+ 28. Kf1 d2 29. Rg8+ Kd7 30. Qf7+ Kc6 31. Qxe6+ Kc7 32. Qd7# 1-0

[Event "TUR-ch U13/18 Girls"]
[Site "Antalya"]
[Date "2023.01.25"]
[Round "6"]
[White "Aydin, Erem"]
[Black "Gedik, Eylul Ceren"]
[Result "1-0"]
[WhiteElo "1258"]
[BlackElo "1503"]
[PlyCount "53"]
[EventDate "2023.01.17"]
[EventType "swiss"]
[EventRounds "9"]
[EventCountry "TUR"]
[SourceTitle "EXT 2024"]
[Source "ChessBase"]
[SourceDate "2023.10.10"]
[SourceVersion "1"]
[SourceVersionDate "2023.10.10"]
[SourceQuality "1"]

1. c4 e5 2. Nc3 Nc6 3. g3 Bc5 4. Bg2 d6 5. e4 Be6 6. d3 Nge7 7. Nge2 Qd7 8. a3 a5 9. 0-0 0-0 10. Kh1 Bh3 11. f4 Bxg2+ 12. Kxg2 f5 13. Bd2 Rae8 14. Qb3 Nd4 15. Nxd4 exd4 16. Nd5 b6 17. Nxe7+ Rxe7 18. Qc2 a4 19. Rae1 fxe4 20. Rxe4 Ref7 21. Qd1 b5 22. Rfe1 Bb6 23. Qh5 Rf5 24. Qg4 Qc6 25. Kg1 h5 26. Qg6 R8f6 27. Re8+ 1-0

[Event "TUR-ch (Women)"]
[Site "Ayvalik"]
[Date "2022.03.07"]
[Round "4"]
[White "Gedik, Eylul Ceren"]
[Black "Topal, Berfin"]
[Result "1-0"]
[WhiteElo "1349"]
[BlackElo "1276"]
[PlyCount "101"]
[EventDate "2022.03.05"]
[EventType "swiss"]
[EventRounds "9"]
[EventCountry "TUR"]
[SourceTitle "EXT 2023"]
[Source "ChessBase"]
[SourceDate "2022.10.05"]
[SourceVersion "1"]
[SourceVersionDate "2022.10.05"]
[SourceQuality "1"]

1. e4 d5 2. exd5 Qxd5 3. Nc3 Qd8 4. d4 Nf6 5. Nf3 Bg4 6. h3 Bxf3 7. Qxf3 c6 8. Be3 e6 9. 0-0-0 Nbd7 10. g4 Nb6 11. g5 Nfd5 12. Nxd5 Qxd5 13. Qxd5 Nxd5 14. c4 Nb4 15. a3 Na6 16. b4 Nc7 17. Kb2 0-0-0 18. Bg2 Be7 19. Kb3 Rd7 20. Rd2 Rhd8 21. Rhd1 a6 22. f4 Ne8 23. d5 exd5 24. cxd5 cxd5 25. Bb6 Nc7 26. h4 Re8 27. Bh3 Ne6 28. f5 Nf4 29. Bg4 f6 30. Rf1 Bd6 31. Bd4 Rf8 32. Be3 Re8 33. Bxf4 Bxf4 34. Rxf4 Re3+ 35. Kb2 Kc7 36. Rfd4 Kc6 37. Re2 Re5 38. Rxe5 fxe5 39. Rd3 Rf7 40. h5 d4 41. Bf3+ Kb5 42. Be4 Kc4 43. Rd2 Rd7 44. Rc2+ Kb5 45. Rc5+ Kb6 46. Rxe5 d3 47. Rd5 Rxd5 48. Bxd5 Kc7 49. Kc3 Kd6 50. Bxb7 Ke5 51. Bxa6 1-0

[Event "EU-ch Hybrid U12 Girls"]
[Site "Tornelo INT"]
[Date "2021.10.15"]
[Round "6"]
[White "Bizheva, Stefani"]
[Black "Gedik, Eylul Ceren"]
[Result "1/2-1/2"]
[WhiteElo "1274"]
[BlackElo "1370"]
[PlyCount "67"]
[EventDate "2021.10.15"]
[EventType "swiss"]
[EventRounds "9"]
[EventCountry "NET"]
[SourceTitle "EXT 2023"]
[Source "ChessBase"]
[SourceDate "2022.10.05"]
[SourceVersion "1"]
[SourceVersionDate "2022.10.05"]
[SourceQuality "1"]
[WhiteTeam "Bulgaria"]
[BlackTeam "Turkey"]
[WhiteTeamCountry "BUL"]
[BlackTeamCountry "TUR"]

1. e4 c5 2. Nf3 Nc6 3. Bb5 g6 4. Bxc6 dxc6 5. d3 Bg7 6. Nbd2 Nf6 7. Nc4 Nd7 8. Rb1 b5 9. Ncd2 e5 10. b3 0-0 11. Bb2 Re8 12. 0-0 Nf8 13. h3 Qc7 14. Qe1 Ne6 15. Qe3 a5 16. a4 Bb7 17. Ng5 Qb6 18. Nxe6 Rxe6 19. Ba3 Bf8 20. f4 Bh6 21. Bxc5 Qc7 22. Bb6 Qb8 23. Qc5 Bxf4 24. Nf3 Qd6 25. Qf2 Qe7 26. Ra1 b4 27. Bc5 Qf6 28. Nd2 Bg5 29. Nc4 Qxf2+ 30. Rxf2 Be7 31. Bb6 Ra6 32. Be3 c5 33. Raf1 f6 34. g4 1/2-1/2

[Event "EU-ch Hybrid U12 Girls"]
[Site "Tornelo INT"]
[Date "2021.10.15"]
[Round "8"]
[White "Caku, Kler"]
[Black "Gedik, Eylul Ceren"]
[Result "1/2-1/2"]
[WhiteElo "1251"]
[BlackElo "1370"]
[PlyCount "116"]
[EventDate "2021.10.15"]
[EventType "swiss"]
[EventRounds "9"]
[EventCountry "NET"]
[SourceTitle "EXT 2023"]
[Source "ChessBase"]
[SourceDate "2022.10.05"]
[SourceVersion "1"]
[SourceVersionDate "2022.10.05"]
[SourceQuality "1"]
[WhiteTeam "Albania"]
[BlackTeam "Turkey"]
[WhiteTeamCountry "ALB"]
[BlackTeamCountry "TUR"]

1. e4 c5 2. Nf3 Nc6 3. d4 cxd4 4. Nxd4 Nf6 5. Nc3 d6 6. Be2 e5 7. Nb3 Be7 8. Be3 0-0 9. Qd2 a5 10. a4 Nb4 11. 0-0 Be6 12. Rad1 Rc8 13. f3 d5 14. exd5 Nfxd5 15. Nxd5 Rxc2 16. Nxe7+ Qxe7 17. Bc5 Qc7 18. Qd6 Qxd6 19. Bxd6 Bxb3 20. Bxf8 Kxf8 21. Bb5 Nd5 22. Rc1 Rxb2 23. Rf2 Rxf2 24. Kxf2 Ke7 25. Bc4 Bxc4 26. Rxc4 Kd6 27. Ke2 f5 28. Kd2 f4 29. g3 g5 30. gxf4 gxf4 31. h4 Nb6 32. Re4 Kd5 33. Kc3 Nd7 34. Re2 Nc5 35. Rd2+ Kc6 36. Ra2 Kd5 37. h5 e4 38. fxe4+ Nxe4+ 39. Kd3 Nc5+ 40. Ke2 Ke4 41. Rc2 f3+ 42. Kf1 Ne6 43. Rc8 Ng7 44. Kf2 Nxh5 45. Re8+ Kd4 46. Kxf3 Kc4 47. Re7 Kb4 48. Ke3 Kxa4 49. Rxb7 Nf6 50. Kd4 h5 51. Rb1 Ka3 52. Kc4 Ka2 53. Rb5 a4 54. Kd3 a3 55. Rf5 Ng4 56. Rxh5 Kb2 57. Rb5+ Ka2 58. Ra5 Kb2 1/2-1/2

[Event "EU-ch Hybrid U12 Girls"]
[Site "Tornelo INT"]
[Date "2021.10.15"]
[Round "4"]
[White "Macek, Inti"]
[Black "Gedik, Eylul Ceren"]
[Result "0-1"]
[WhiteElo "1205"]
[BlackElo "1370"]
[PlyCount "62"]
[EventDate "2021.10.15"]
[EventType "swiss"]
[EventRounds "9"]
[EventCountry "NET"]
[SourceTitle "EXT 2023"]
[Source "ChessBase"]
[SourceDate "2022.10.05"]
[SourceVersion "1"]
[SourceVersionDate "2022.10.05"]
[SourceQuality "1"]
[WhiteTeam "Slovenia"]
[BlackTeam "Turkey"]
[WhiteTeamCountry "SLO"]
[BlackTeamCountry "TUR"]

1. d4 d5 2. Nf3 Nf6 3. c4 e6 4. Nc3 c6 5. Bf4 dxc4 6. a4 Bb4 7. Qc2 b5 8. axb5 cxb5 9. Bxb8 Rxb8 10. Rxa7 Ba5 11. Qb1 Qb6 12. Ne5 Qxa7 13. Nc6 Qb6 14. Nxb8 Qxb8 15. e3 Nd5 16. Qc2 0-0 17. Be2 b4 18. Qa4 bxc3 19. Qxa5 cxb2 20. 0-0 b1Q 21. Rxb1 Qxb1+ 22. Bf1 c3 23. Qc5 c2 24. h3 c1Q 25. Qxc1 Qxc1 26. e4 Nf4 27. g3 Nxh3+ 28. Kg2 e5 29. d5 Qe1 30. Kh2 Qxf2+ 31. Bg2 Qg1# 0-1